Find the odd one out - Flag and countries of the world - Statistiques

Statistiques générales
  • Ce quiz a été pris 62 fois
    39 depuis la dernière actualisation
  • Le résultat moyen est 9 sur 25
Statistiques - réponses
Question Réponse % Correct
European country
65%
Speak spanish
62%
Speak italian
59%
Member state of the Soviet Union (3/3)
59%
Have the code name of the capital of a country (Money heist)
56%
Speak portuguese
50%
Share a border with France
47%
Was a french colony
47%
Member state of the Soviet Union (2/3)
47%
Was a british colony
44%
Member state of the Soviet Union (1/3)
44%
Country which is in the aboriginal Balkans
41%
Other countries in the balkans
41%
Country which is in the slavic Balkans
32%
Country took by the Nationalist Socialist Germany
32%
Countries entirely surrounded by one country
29%
Biggest country of its continent (surface area)
26%
Have a non-rectangular flag
24%
In the top 3 countries with the most UNESCO World Heritage
24%
Countries which aren't a part of the European Union
24%
Countries excluded of the olympics
21%
Share a border with Russia
18%
Countries in the center of Africa
18%
Is a part of the United-Kingdom
15%
Nordics countries which aren't an island
15%
Aucun quiz correspondant
Distribution des résultats
% des personnes avec chaque résultat
Percentile par nombre de réponses
Votre historique - résultats
Vous n’avez pas pris ce quiz depuis la dernière actualisation